000 00247nam a2200097 a 4500
008 111125s1989|||| d
245 1 0 _aWilanow dzeje architektúra konserwacja
260 _bArkada
_aWarszawa
_c1989
020 _c150
044 _axo
_cSK
999 _c19886
_d19886